000 00341nam a2200133Ia 4500
008 240624s9999 xx 000 0 und d
041 _aeng
082 _a658.421 BAT
100 _aBATTHINI GANAPATHI
245 _aTHEMATIC AND ANALYSIS THE JOURNAL OF ENT
260 _c2014
_aDelhi
_bBookwell
300 _a174 : p. : cm. ; 21
365 _cRS
999 _c27666
_d27666